Normal view
MARC view
Entry Personal Name
001 - CONTROL NUMBER
- control field: 49345
003 - CONTROL NUMBER IDENTIFIER
- control field: ARRUPE
005 - DATE AND TIME OF LATEST TRANSACTION
- control field: 20200204121138.0
008 - FIXED-LENGTH DATA ELEMENTS
- fixed length control field: 200204|| aca||aabn | a|a d
040 ## - CATALOGING SOURCE
- Original cataloging agency: ARRUPE
- Transcribing agency: ARRUPE
100 ## - HEADING--PERSONAL NAME
- Personal name: Ponsonby, Arthur Ponsonby,
- Titles and other words associated with a name: Baron,
- Dates associated with a name: 1871-1946.
670 ## - SOURCE DATA FOUND
- Source citation: Work cat.: (ARRUPE)0: Ponsonby, Arthur Ponsonby, Baron, 1871-1946., Queen Victoria,, [1933]